000 01044nam a2200289 a 4500
005 20171014020002.0
008 080604s2009 ck a jr 00010dspa d
020 _a9589767397
040 _aCO-BoBLA
_cCO-BoBLA
_dCo-BoIAvH
041 _aspa
044 _ack
082 0 4 _aI599.65
090 _aI-CUE-
_b09
100 1 _aUribe Hurtado, Cristina,
_d1956-
245 1 0 _aSimón Páramo :
_bel venado coliblanco /
_cCristina Uribe ; fotografías de Jesús H. Vélez.
250 _aSegunda edición
260 3 _aBogotá :
_bCristina Uribe Ediciones,
_c2009.
300 _a33 páginas :
_bfotografías a color ;
_c23 centimetros.
490 _aLibros Educativos - Aprendiendo sobre el mundo en que vivimos
500 _aGlosario : páginas 32-33.
650 1 4 _aCiervos
_x Hábitos y conducta
_v Literatura juvenil.
650 1 4 _aVenado Coliblanco
650 1 4 _aAves
_v Fotografías.
650 1 4 _aCiervos
_v Fotografías.
700 1 _aVelez, Jesús,
_efotógrafo
942 _2z
_cLIBRO
_02
999 _c19900
_d19900